Guess the Footballer by the Countries They've Played In #1 - Statistics

General Stats
  • This quiz has been taken 31 times
  • The average score is 9 of 20
Answer Stats
Nationality Career Player Name % Correct
Portuguese Portugal ➝ England ➝ Spain ➝ Italy ➝ England ➝ Saudi Arabia Cristiano Ronaldo
85%
Swedish Sweden ➝ Netherlands ➝ Italy ➝ Spain ➝ Italy ➝ France ➝ England ➝ United States ➝ Italy Zlatan Ibrahimović
85%
Belgian France ➝ England ➝ Spain Eden Hazard
78%
Cameroonian Spain ➝ Italy ➝ Russia ➝ England ➝ Turkey ➝ Qatar Samuel Eto'o
74%
German Germany ➝ England ➝ Italy ➝ Turkey ➝ Japan ➝ Turkey ➝ Poland Lukas Podolski
52%
Croatian Croatia ➝ Germany ➝ Spain ➝ Italy ➝ Qatar ➝ Italy Mario Mandžukić
52%
Colombian Argentina ➝ Portugal ➝ Spain ➝ France ➝ England ➝ France ➝ Turkey ➝ Spain ➝ Colombia Radamel Falcao
52%
French France ➝ Mexico André-Pierre Gignac
48%
Swedish Sweden ➝ Netherlands ➝ Scotland ➝ Spain ➝ Sweden ➝ England ➝ Sweden Henrik Larsson
44%
Nigerian Germany ➝ Belgium ➝ France ➝ Italy ➝ Turkey Victor Osimhen
41%
Dutch Netherlands ➝ England ➝ Spain ➝ Germany ➝ Netherlands Arjen Robben
37%
Ghanaian Ghana ➝ Italy ➝ France ➝ England ➝ United Arab Emirates ➝ China ➝ United Arab Emirates ➝ Turkey ➝ India ➝ Ghana Asamoah Gyan
33%
Italian Italy ➝ England ➝ Italy ➝ England ➝ Italy ➝ France ➝ Italy ➝ Turkey ➝ Switzerland ➝ Turkey ➝ Italy Mario Balotelli
33%
Japanese Japan ➝ Germany ➝ England ➝ Germany ➝ Turkey ➝ Spain ➝ Greece ➝ Belgium ➝ Japan Shinji Kagawa
33%
Argentine Argentina ➝ England ➝ Spain Julián Álvarez
30%
Spanish Spain ➝ Italy ➝ Spain ➝ England ➝ Spain ➝ Italy ➝ Spain ➝ Italy ➝ Turkey Álvaro Morata
26%
Portuguese Portugal ➝ Spain ➝ England ➝ Spain ➝ England ➝ Italy ➝ Saudi Arabia João Félix
26%
Paraguayan Paraguay ➝ Germany ➝ England ➝ Spain ➝ Mexico ➝ Spain ➝ Paraguay Roque Santa Cruz
15%
French France ➝ England ➝ Spain ➝ France ➝ England ➝ Turkey ➝ England ➝ China ➝ Italy ➝ England ➝ India Nicolas Anelka
7%
Brazilian Brazil ➝ Portugal ➝ Russia ➝ Brazil ➝ Italy ➝ France ➝ England ➝ Brazil Thiago Silva
7%
No matching quizzes found
Score Distribution
Percent of People with Each Score
Percentile by Number Answered
Your Score History
You have not taken this quiz